La identidad /

Сохранить в:
Библиографические подробности
Главный автор: Lévi-Strauss, Claude (dirección)
Формат:
Язык:испанский
Опубликовано: Barcelona, España : Petrel, 1981, c1981
Предметы:
Метки: Добавить метку
Нет меток, Требуется 1-ая метка записи!

MARC

LEADER 00000nam^a2200000^a^4500
001 000011055
005 20250521000000.0
009 20260310083728.637
020 |a 84-85746-04-X 
037 |a Acervo ITESO - Biblioteca 
041 |a ESP 
082 |a 300. 1  |b LEV OBR IDE 
100 |a Lévi-Strauss, Claude  |e (dirección) 
240 1 4 |a [La identidad] 
245 1 3 |a La identidad /  |c Dir. de C. Lévi-Strauss ; tr. por Beatriz Dorriots, Marcos Galmarini. 
264 4 |a Barcelona, España :  |b Petrel,  |c 1981, c1981 
300 |a 374 p. 
336 |a texto  |b txt  |2 rdacontenido 
337 |a sin mediación  |b n  |2 rdamedio 
338 |a volumen  |b nc  |2 rdasoporte 
500 |a Traducción de: L'identité 
545 0 |a Claude Lévi-Strauss (Bruselas, 1908 - París, 2009) es considerado el fundador de la antropología estructuralista. Su teoría, basada en el estructuralismo lingüístico de Saussure y Jakobson, utilizó las oposiciones binarias y los ejes diacrónico y sincrónico para explicar los fenómenos sociales como sistemas de signos que son significantes. Para ello, reveló la existencia de una forma común de pensar lógicamente, una estructura inconsciente que precede a la conciencia, que al ponerse en relación en la vida social, crea sistemas de reglas que permiten atribuir valor y significado compartidos en la interacción social. Con sus aportaciones logró dotar de carácter científico al estudio etnológico y fue reconocido como uno de los intelectuales franceses más influyentes del siglo XX. 
649 |a XX 
650 |a Identidad Personal 
650 |a Identidad Nacional 
650 |a Identidad Cultural 
650 |a Identidad -  |x Tema Principal 
650 |a Diferencia y Otredad 
650 |a Estructuralismo -  |x Historia y Crítica 
650 |a Antropología Cultural 
650 |a Antropología -  |x Teoría 
650 |a Sociología -  |x Teoría 
910 |a Fondo General 
920 |a Impresos - Libros 
930 |a Colección General 
905 |a 101 
901 |a 0110550100  |b IT1  |c ACC  |i 011055  |u 20250521 
902 |a https://opac.biblio.iteso.mx/vufind/Record/000011055